000
00318nam a2200109Ia 4500
008
171211s9999 xx 000 0 und d
245
_a
Professionelle Webtexte & Content Marketing
245
_c
Michael Firnkes
260
_c
2014
650
_x
Web Development
856
_u
http://down.ebook777.com/013/9783446439092.pdf
999
_c
350070
_d
350070